|
|
|
|
| LEADER |
00000nam0a2200000 4500 |
| 001 |
208325 |
| 005 |
20231101225445.0 |
| 010 |
|
|
|a 057114716X
|
| 035 |
|
|
|a (RuTPU)RU\TPU\book\227429
|
| 090 |
|
|
|a 208325
|
| 100 |
|
|
|a 20120202d1988 m y0engy50 ba
|
| 101 |
0 |
|
|a eng
|
| 102 |
|
|
|a GB
|
| 105 |
|
|
|a y z 000ay
|
| 200 |
1 |
|
|a An Artist of the Floating World
|f K. Ishiguro
|
| 210 |
|
|
|a London
|c Faber and Faber
|d 1988
|
| 215 |
|
|
|a 206 p.
|
| 330 |
|
|
|a Герой этой книги — один из самых знаменитых живописцев довоенной Японии, тихо доживающий свои дни и мечтающий лишь удачного выдать замуж дочку. Но в воспоминаниях он по-прежнему там, в веселых кварталах старого Токио, в зыбком, сумеречном мире приглушенных страстей, дискуссий о красоте и потаенных удовольствий.
|
| 606 |
1 |
|
|a Английский язык
|x Учебные руководства и пособия
|x Хрестоматии, книги для чтения
|2 stltpush
|3 (RuTPU)RU\TPU\subj\29075
|9 52487
|
| 610 |
1 |
|
|a английская литература
|
| 610 |
1 |
|
|a романы
|
| 610 |
1 |
|
|a Япония
|
| 610 |
1 |
|
|a традиции
|
| 610 |
1 |
|
|a аутентичные тексты
|
| 610 |
1 |
|
|a любовь
|
| 686 |
|
|
|a Ш143.21-923.8
|v LBC/SL-A
|2 rubbk
|
| 700 |
|
1 |
|a Ishiguro
|b K.
|g Kazuo
|
| 801 |
|
1 |
|a RU
|b 63413507
|c 20120202
|
| 801 |
|
2 |
|a RU
|b 63413507
|c 20120213
|g RCR
|
| 942 |
|
|
|c BK
|